00488 2200193 4500001002100000005001500021035002000036008004100056245005400097100002300151250000600174260004300180300001100223084001400234082000800248650001400256990001200270990001200282INLIS00000000000049020240430112003 a0010-0424000466240430 0 ind 1 aMenjaga Kesehatan Tulang /cDr. Agus Dwi Sasongko aDwi Sasongko, Agus a1 aJakarta :bSunda Kelapa Pustaka,c2007 a56 hlm a610 AGU m a610 4aNon Fiksi a0728564 a0728565